000 00992nam a22002657a 4500
005 20110312164026.0
008 110312t xxu||||| |||| 00| 0 eng d
010 _aB-422623
020 _a9788170129646
_c335.00
035 _aB-422623
037 _aUBH
_bRP/BL-4
040 _adpl
050 _a345
082 _a345
100 _aPillai,K.N.Chandrasekharan
_926520
245 _aGeneral Principles of Criminal Law
_cK.N.Chandrasekharan Pillai
250 _a1st ed.(reprint)
260 _aLukhnow
_bEastern Book Company
_c2003
270 _aEBC Publishing(P) Ltd.,34-A,Lal Bagh
_bLucknow
_e226005
_k0522-2626517
300 _aXVI,560p
_c23cm(pbk)
700 _aPillai,K.N.Chandrasekharan
_926521
942 _2ddc
_cEN
999 _c51035
_d51035